Biblioteca

Baby Einstein mundo de colores / Walt Disney (Registro nro. 48347)

Detalles MARC
000 -LÍDER
Campo fijo de descripción fija 002860000a22001210004500
001 - NÚMERO DE CONTROL
Campo de control 1173
041 0# - CÓDIGO DE IDIOMA
Código de idioma para texto/pista de sonido o título separado
082 04 - NÚMERO DE CLASIFICACIÓN DECIMAL DEWEY
Número de clasificación DVD 026
110 1# - ASIENTO PRINCIPAL--NOMBRE CORPORATIVO
Nombre corporativo o de jurisdicción como elemento de entrada Walt Disney
245 10 - TÍTULO
Título del Material Baby Einstein mundo de colores / Walt Disney
505 00 - NOTA DE CONTENIDO
Nota de contenido con formato preestablecido Video 15 min. Edad un año en adelante
942 ## - TIPO DE MATERIAL (KOHA)
Tipo de Item KOHA Z- Libro General BINCO
Existencias
Estado de Material Estado de Perdido Volumen-Parte/Tomo Estado de Dañado No para Préstamo Tomo Biblioteca de Origen Biblioteca Permanente Fecha de Adquisición Total de Préstamos Total de Renovaciones Signatura Topográfica Código de Barras Última vez visto Última vez Préstado Ejemplar/Existencia Fecha de Remplazo Tipo de Material
            Biblioteca Infantil Comunitaria BINCO Biblioteca Infantil Comunitaria BINCO 27/06/2007 1 1 DVD 026 B31505 24/11/2016 22/07/2016 1 26/01/2016 Z- Libro General BINCO

Biblioteca FUSBC | Teléfono: (57+4) 349 88 10 Ext. 141| WhatsApp (+57) 3005338115 
E-mail: biblioteca@unisbc.edu.co | Calle 76 87-14 Robledo Palenque, Medellín, Colombia

Con tecnología Koha